Представление документа в формате RUSMARC

Поле Инд. ПП Название Значение
Тип записи a
Библиографический уровень a
001 Контрольный номер e8df78a349ad473691130f47e8db9e83
005 Дата корректировки 20241018124530.4
100 a Данные общей обработки 20181126 ||| 0rusy0189 ca
101 0_ a Язык текста rus
102 a Страна публикации RU
200 1_ f Первые сведения об ответственности Н.А. Латышева
a Заглавие Особенности составления описей на дела и наряды постоянного хранения в судебном делопроизводстве
b Общее обозначение материала Текст
210 1_ d Дата издания 2017
461 _0 1 2000
a Администратор суда
463 _0 1 2000
a № 2
v С. 7-12
1 2101
d 2017
1 00125a472be7aba4caea50a84cc318b7973
606 a Основная рубрика Делопроизводство
610 0_ a Ключевые слова СУДЕБНОЕ ДЕЛОПРОИЗВОДСТВО
a Ключевые слова РГУП.
700 _1 a Фамилия Латышева
b Имя Н.А.
801 _0 a Страна RU
b Организация РГУП
c Дата составления 20181126
g Правила каталогизации PSBO
801 _1 a Страна RU
b Организация РГУП
c Дата составления 20181126
g Правила каталогизации PSBO
901 t Тип документа b
w Контрольный № источника 25a472be7aba4caea50a84cc318b7973
905 a Дата ввода 20181126